000 00347nam a22001217a 4500
999 _c476
_d476
005 20200813120125.0
008 200813b ||||| |||| 00| 0 eng d
020 _a0140801294x129
040 _cCML
245 _aConnexions.
_cCalder, N.
260 _aHarmondsworth
_bPenguin Books Ltd
_c1970
942 _2ddc
_cBK
_e1st edition
_h301
_mCAL